|
|
|
|
| LEADER |
00778naa a2200217 i 4500 |
| 001 |
publ39888 |
| 005 |
20260416144558.0 |
| 008 |
260416s2026 hu o 000 eng d |
| 020 |
|
|
|a 9781003466390; 9781032720845; 9781032738680
|
| 024 |
7 |
|
|a 10.4324/9781003466390-5
|2 doi
|
| 024 |
7 |
|
|a 37010567
|2 mtmt
|
| 040 |
|
|
|a SZTE Publicatio Repozitórium
|b hun
|
| 041 |
|
|
|a eng
|
| 100 |
1 |
|
|a Mezei Péter
|
| 245 |
1 |
0 |
|a Five years after
|h [elektronikus dokumentum] :
|b A critical re-evaluation of end-user flexibilities under the CDSM Directive /
|c Mezei Péter
|
| 260 |
|
|
|a Routledge
|b London
|c 2026
|
| 300 |
|
|
|a 18
|
| 300 |
|
|
|a 63-80
|
| 490 |
0 |
|
|a Flexibilities in Copyright Law
|
| 650 |
|
4 |
|a Jogtudomány
|
| 856 |
4 |
0 |
|u http://publicatio.bibl.u-szeged.hu/39888/1/Mezei_2026_2.pdf
|z Dokumentum-elérés
|